سا غر نظا می :ا يک قو می شا عر (Record no. 163901)

MARC details
000 -LEADER
fixed length control field 00709nam a22001937a 4500
005 - DATE AND TIME OF LATEST TRANSACTION
control field 20190503173040.0
010 ## - LCCN (DPL NO)
LC control number UR-10064
020 ## - INTERNATIONAL STANDARD BOOK NUMBER
Terms of availability 200.00
International Standard Book Number 9789388105064
035 ## - SYSTEM CONTROL NUMBER
System control number U-8619
037 ## - SOURCE OF ACQUISITION
Source of stock number/acquisition DBAD/PUB
082 ## - DEWEY DECIMAL CLASSIFICATION NUMBER
Classification number 840.08
100 ## - MAIN ENTRY--PERSONAL NAME
Personal name ڈ ا کٹر بے بی تبسم
245 ## - TITLE STATEMENT
Title سا غر نظا می :ا يک قو می شا عر
Statement of responsibility, etc ڈ ا کٹر بے بی تبسم
246 ## - VARYING FORM OF TITLE
Remainder of title ‏Saghar Nizami:Ek Qaumi Shair(Urdu)
Title proper/short title by Dr.Baby Tabassum
260 ## - PUBLICATION, DISTRIBUTION, ETC. (IMPRINT)
Place of publication, distribution, etc Delhi
Name of publisher, distributor, etc Educational Publishing House
Date of publication, distribution, etc 2018 ء
270 ## - ADDRESS
Address 3191،Vakil Street,Kucha Pandit,Lal Kuan,
City Delhi
Postal code 110006
Telephone number 23216162
Fax number 00911123211540
300 ## - PHYSICAL DESCRIPTION
Extent 104ص
Dimensions 22 Cm.(bk)
942 ## - ADDED ENTRY ELEMENTS (KOHA)
Source of classification or shelving scheme Dewey Decimal Classification
Item type Urdu Bks
Classification part 840.08
Call number suffix ب ے ب
Holdings
Withdrawn status Lost status Not for loan Collection code Home library Current library Date acquired Source of acquisition Cost, normal purchase price Full call number Barcode Copy number Cost, replacement price Koha item type
    Not For Loan Non-fiction D.B.Act.Division D.B.Act.Division 03/05/2019 DBAD/PUB 200.00 840.08 ب ے ب U-8619 1 200.00 Urdu Bks

© Delhi Public Library
Hit Counter
free hit counter